Người Nhật ở Hội An vào cuối thế kỷ XVI - đầu thế kỷ XVII

Nật Bản, Đàng trong trong bối cảnh chính trị, kinh tế khu vực châu Á cuối thế kỷ XVI - đầu thế kỷ XVII. Quá trình hoạt động và định cư của người Nhật ở Hội An vào cuối thế kỷ XVI - đầu thế kỷ XVII. Vai trò của người Nhật ở Hội An vào cuối thế kỷ XVI - đầu thế kỷ XVII...

Mô tả đầy đủ

Đã lưu trong:
Chi tiết về thư mục
Tác giả chính: Phạm, Thị Nga
Tác giả khác: Lưu, Trang TS (Hướng dẫn)
Định dạng: Sách
Ngôn ngữ:Vietnamese
Được phát hành: Đại học Đà Nẵng Trường đại học Sư Phạm 2011
Loạt:Khóa luận tốt nghiệp đại học. Chuyên ngành: Sư phạm Sử
Những chủ đề:
Các nhãn: Thêm thẻ
Không có thẻ, Là người đầu tiên thẻ bản ghi này!
Thư viện lưu trữ: Mạng thư viện Đại học Đà Nẵng
LEADER 01690nam a2200349 4500
001 000012383
003 8679
005 20120220090236.0
008 120220s2011 viesd
041 |a vie 
072 |a Khóa luận tốt nghiệp 
082 |a 959.752092  |b PH-N 
100 |a Phạm, Thị Nga 
245 |a Người Nhật ở Hội An vào cuối thế kỷ XVI - đầu thế kỷ XVII  |c Phạm, Thị Nga 
260 |a Đại học Đà Nẵng  |b Trường đại học Sư Phạm  |c 2011 
300 |a 65 tr.  |b hình mhọa  |c 29 cm 
490 |a Khóa luận tốt nghiệp đại học. Chuyên ngành: Sư phạm Sử 
500 |a Tham khảo tr.62 + phụ lục [ 3 tr.] 
520 |a Nật Bản, Đàng trong trong bối cảnh chính trị, kinh tế khu vực châu Á cuối thế kỷ XVI - đầu thế kỷ XVII. Quá trình hoạt động và định cư của người Nhật ở Hội An vào cuối thế kỷ XVI - đầu thế kỷ XVII. Vai trò của người Nhật ở Hội An vào cuối thế kỷ XVI - đầu thế kỷ XVII 
653 |a Khóa luận tốt nghiệp đại học 
653 |a Khoa Lịch Sử 
700 |a Lưu, Trang  |c TS  |e Hướng dẫn 
OWN |a LSP 
AVA |a UDN50  |b LSP  |d 959.752092 PH-N  |e available  |t Error 5001 Not defined in file expand_doc_bib_avail.  |f 1  |g 0  |h N  |i 0  |k 1 
999 |a From the UDN01 
AVA |a UDN50  |b LSP  |d 959.752092 PH-N  |e available  |t Error 5001 Not defined in file expand_doc_bib_avail.  |f 1  |g 0  |h N  |i 0  |k 1 
TYP |a Monograph 
TYP |a Printed language 
980 |a Mạng thư viện Đại học Đà Nẵng